00601nam a22002177a 450000500170000001000290001702000260004603500130007203500170008503700170010203700130011908200140013210000190014624500600016525000110022526000530023627000320028930000260032150000190034770000170036620150310145847.0 aBAC-EN21 ENG-111773 a9789381292525c350.00 aEN-95305 aB-593266-291 bUBH/Venadpl bDBAD/PUB a344.54046 aTripathi, S.C. aEnvironmental law /cby S.C. Tripathi [and] Vibha Arora a5th ed aAllahabadbCentral Law Publicationsc2013(repr.) a148, Hewett RoadbAllahabad aIvi,636p. c24cm(pbk) aIncludes index aArora, Vibha